| 000 | 00433nam a2200145 a 4500 | ||
|---|---|---|---|
| 001 | 000028758 | ||
| 005 | 20200930055123.0 | ||
| 008 | 110412s1991 dr a 000 0 spa d | ||
| 040 |
_aDO-SdBNP _bspa _cBNPHU |
||
| 082 |
_axxx _bE86p |
||
| 245 | 0 | 1 |
_aEucaristÃa, pan de vida : _bpascua juvenil 1991. |
| 260 |
_aSanto Domingo : _bCasa de la Juventud, _c1991. _fEditora Amigo del Hogar |
||
| 300 |
_a48 p. : _bil. ; _c21 cm. |
||
| 049 | _aBNPD | ||
| 999 |
_c28250 _d28250 |
||